00362nam a2200145Ia 4500003000400000005001700004008004100021020001800062040000900080082002000089100002100109245004100130260003600171300000900207OSt20201231122102.0190216s9999||||xx |||||||||||||| ||und|| a9798184230689 coclc a894.8127bMOH/K aMohanavarma, K L 0aKariachante Lokam /cK L Mohanavarma bGreen Books, c2010.aThrissur: a108p